Otázky štatistického sledovania a merania chudoby v krajinách Európskej únie

Organizačná stránka sledovania chudoby v krajinách EÚ v rámci Strednodobého spoločného programu pre ekonomickú a sociálnu integráciu skupín osôb, ktoré sú ekonomicky a sociálne horšie situované. Výskumné projekty. Štatistické sledovanie chudoby v EÚ. Objektívne a subjektívne zisťovanie chudoby. Určo...

Description complète

Enregistré dans:
Détails bibliographiques
Auteur principal: Cár, Mikuláš
Format: Chapitre de livre
Langue:slovaque
Sujets:
Tags: Ajouter un tag
Pas de tags, Soyez le premier à ajouter un tag!

MARC

LEADER 00000naa a2200000 4500
001 r021368
005 20230906071841.9
041 0 |a slo 
044 |a SK 
245 1 0 |a Otázky štatistického sledovania a merania chudoby v krajinách Európskej únie  |c M. Cár 
520 |a Organizačná stránka sledovania chudoby v krajinách EÚ v rámci Strednodobého spoločného programu pre ekonomickú a sociálnu integráciu skupín osôb, ktoré sú ekonomicky a sociálne horšie situované. Výskumné projekty. Štatistické sledovanie chudoby v EÚ. Objektívne a subjektívne zisťovanie chudoby. Určovanie hranice chudoby. Porovnanie analýz. 
610 2 0 |a štatistika regionálna 
610 2 0 |a Európska únia 
610 2 0 |a chudoba 
610 2 0 |a projekty 
610 2 0 |a zisťovanie štatistické 
610 2 0 |a analýza štatistická 
100 1 |a Cár, Mikuláš